000 00431nam a2200157Ia 4500
100 _aWilson/Sam J.A/ Risse/Joseph A
490 _vI
942 _cBK
366 _f15
654 _aElectronic trouble shootin
245 _aElectronic trouble shooting and servicing techniques:With an introduction to digital circuits
260 _bThomson/Delmar
_aLondon
_c2003
082 _a621.3815
_bWIL
300 _a308
546 _aENGLISH
999 _c18032
_d18032